Invoices.

Bibliographic Details
Corporate Author: United States. Department of State
Format: Government Document eBook
Language:English
Published: Washington : [publisher not identified], 1910-1912.
Subjects:
Online Access:Connect to the full text of this electronic document
Connect to the full text of this electronic document

MARC

Tag First Indicator Second Indicator Subfields
LEADER 00000cam a22000001a 4500
001 in00003756921
005 20190409170728.0
006 m o d f
007 cr bn mmmapmmp
008 040322m19101912dcu o f000 0 eng d
035 |a ebd1910705214 
040 |a UMI  |c UMI  |d UtOrBLW 
086 0 |a S 1.4/1:910/[37] 
086 0 |a S 1.4/2:150 
099 |a S1.4-1.37 
099 |a S1.4-2.150 
245 0 0 |a Invoices. 
264 1 |a Washington :  |b [publisher not identified],  |c 1910-1912. 
300 |a 1 online resource (volume) 
336 |a text  |b txt  |2 rdacontent 
337 |a computer  |b c  |2 rdamedia 
338 |a online resource  |b cr  |2 rdacarrier 
500 |a [on consular paperwork]. 
500 |a Record is based on bibliographic data in ProQuest U.S. Executive Branch Documents, 1910-1932. Reuse except for individual research requires license from ProQuest, LLC. 
533 |a Electronic reproduction.  |b [Bethesda, Md.] :  |c ProQuest,  |d 2012.  |e digital, PDF file.  |n ProQuest U.S. Executive Branch Documents, 1910-1932.  |n Mode of access: World Wide Web via ProQuest website. 
538 |a System requirements: PDF reader software. 
500 |a Electronic resource. 
610 1 0 |a United States.  |b Department of State.  |0 http://id.loc.gov/authorities/names/n80126198 
650 0 |a Consular invoices.  |0 http://id.loc.gov/authorities/subjects/sh85031461 
655 7 |a Electronic books.  |2 local 
710 1 |a United States.  |b Department of State.  |0 http://id.loc.gov/authorities/names/n80126198 
776 1 8 |i Microfiche version:  |t Invoices  |o CIS US Exec MF S1.4-1.37  |o CIS US Exec MF S1.4-2.150  |w (ProQuest)cis19173260 
856 4 0 |u http://proxy.library.tamu.edu/login?url=http://congressional.proquest.com/congressional/docview/t66.d71.s1.4-1.37  |z Connect to the full text of this electronic document  |t 0 
856 4 0 |u http://proxy.library.tamu.edu/login?url=http://congressional.proquest.com/congressional/docview/t66.d71.s1.4-2.150  |z Connect to the full text of this electronic document  |t 0 
999 f f |s 753d7d40-d9f4-3348-bb13-bf800cfdd789  |i 94ef3c95-c3d2-3888-a62a-8b948ba36931  |t 0 
952 f f |a Texas A&M University  |b College Station  |c Electronic Resources  |d Available Online  |t 0  |h No information provided 
998 f f |t 0  |l Available Online